NFL players that names start with the letter A - Statistics

General Stats
  • This quiz has been taken 35 times
  • The average score is 8 of 18
Answer Stats
Hint Answer % Correct
Packers/Jets QB Aaron Rodgers
96%
Rams DE Aaron Donald
89%
Bengals/Panthers Qb Andy Dalton
67%
Packers/Vikings RB Aaron Jones
63%
Texans Wr Andre Johnson
59%
Steelers Raiders/Pats/Bucs Wr Antonio Brown
59%
Vikings/Redskins/Seahawks RB Adrian Peterson
56%
Chargers TE Antonio Gates
56%
Bengals OT Anthony Munoz
52%
Bills Wr Andre Reed
37%
Steelers/Vikings K Gary Anderson
33%
Bengals Qb Ken Anderson
33%
Cardinals/Giants RB Ottis Anderson
33%
Jets/Panthers/Cardinals Wr Robby Anderson
33%
Cardinals/Rams Cb Aeneas Williams
22%
Bengals/Rams OT Andrew Whitworth
22%
Vikings/Bears Dt Alan Page
19%
Cardinals/Ravens/49ers Wr Anquan Boldin
19%
No matching quizzes found
Score Distribution
Percent of People with Each Score
Percentile by Number Answered
Your Score History
You have not taken this quiz